Livret du stagiaire Professeur des écoles 2ème année 2002-2003 (Record no. 17137)
[ view plain ]
| 000 -LEADER | |
|---|---|
| fixed length control field | 00395nam a2200145 4500 |
| 008 - FIXED-LENGTH DATA ELEMENTS--GENERAL INFORMATION | |
| fixed length control field | b xx# fre u |
| 040 ## - CATALOGING SOURCE | |
| Original cataloging agency | LB-BrCRDP |
| 082 ## - DEWEY DECIMAL CLASSIFICATION NUMBER | |
| Classification number | 370.7/GOU |
| 100 1# - MAIN ENTRY--PERSONAL NAME | |
| Personal name | Goursaud,Serge |
| 130 0# - MAIN ENTRY--UNIFORM TITLE | |
| Language of a work | FR |
| 245 10 - TITLE STATEMENT | |
| Title | Livret du stagiaire Professeur des écoles 2ème année 2002-2003 |
| Statement of responsibility, etc. | Serge Goursaud |
| 260 ## - PUBLICATION, DISTRIBUTION, ETC. | |
| Place of publication, distribution, etc. | France |
| 942 ## - ADDED ENTRY ELEMENTS (KOHA) | |
| Koha item type | Books |
| Withdrawn status | Lost status | Source of classification or shelving scheme | Damaged status | Not for loan | Home library | Current library | Shelving location | Date acquired | Total Checkouts | Full call number | Barcode | Date last seen | Copy number | Price effective from | Koha item type |
|---|---|---|---|---|---|---|---|---|---|---|---|---|---|---|---|
| Dewey Decimal Classification | مكتب الاعداد والتدريب - الدكوانه | مكتب الاعداد والتدريب - الدكوانه | Standard Shelving Location | 07/28/2016 | 370.7 GOU | CRD1492 | 07/28/2016 | 2 | 07/28/2016 | Books | |||||
| Dewey Decimal Classification | مكتب الاعداد والتدريب - الدكوانه | مكتب الاعداد والتدريب - الدكوانه | Standard Shelving Location | 07/28/2016 | 370.7 GOU | CRD1495 | 07/28/2016 | 07/28/2016 | Books |